Design of analog VLSI circuit : a differential-in differential-out high speed, high gain Op Amp /
Saved in:
| 主要作者: | |
|---|---|
| 格式: | Thesis 圖書 |
| 語言: | English |
| 出版: |
1997.
|
| 主題: | |
| 標簽: |
添加標簽
沒有標簽, 成為第一個標記此記錄!
|
| LEADER | 00860cam a2200229 a 4500 | ||
|---|---|---|---|
| 001 | u421976 | ||
| 003 | SIRSI | ||
| 008 | 980318s1997 si v 00 1 eng m | ||
| 035 | |a ACE-8001 | ||
| 040 | |a UMM | ||
| 090 | |a TK7874.7 |b Tan | ||
| 100 | 1 | 0 | |a Tan, Kim Khoon. |
| 245 | 1 | 0 | |a Design of analog VLSI circuit : |b a differential-in differential-out high speed, high gain Op Amp / |c by Tan Kim Khoon. |
| 260 | |c 1997. | ||
| 300 | |a vi, 51 leaves : |b ill. ; |c 30 cm. | ||
| 502 | |a Dissertation (M.Sc.) -- National University of Singapore, 1997. | ||
| 504 | |a Bibliography: leaf 45. | ||
| 650 | 0 | |a Very high speed integrated circuits |x Design and construction | |
| 650 | 0 | |a Operational amplifiers |x Design and construction | |
| 948 | |a 18/03/1998 |b 25/11/2000 | ||
| 596 | |a 1 | ||
| 999 | |a TK7874.7 TAN |w LC |c 1 |i A507502518 |d 12/1/2011 |e 12/1/2011 |l STACKS |m P01UTAMA |n 2 |r Y |s Y |t TESIS |u 22/7/1998 | ||
